English grammar for dummies, portable edition
This book gives the latest techniques for improving efficiency with English grammar and punctuation. It teaches the rules of verbs, adjectives, and adverbs; prepositions, propositions, and pronoun pronouncements; punctuation; possessives; and proofreading skills for all communication.
Gardado en:
| Autor Principal: | |
|---|---|
| Formato: | Libro |
| Idioma: | Undetermined |
| Publicado: |
Indianapolis, IN
Wiley
2006
|
| Những chủ đề: | |
| Các nhãn: |
Engadir etiqueta
Sen Etiquetas, Sexa o primeiro en etiquetar este rexistro!
|
| Thư viện lưu trữ: | Trung tâm Học liệu Trường Đại học Cần Thơ |
|---|
| LEADER | 00897nam a2200217Ia 4500 | ||
|---|---|---|---|
| 001 | CTU_165737 | ||
| 008 | 210402s9999 xx 000 0 und d | ||
| 020 | |c 9.99 | ||
| 082 | |a 428.24 | ||
| 082 | |b W894 | ||
| 100 | |a Woods, Geraldine. | ||
| 245 | 0 | |a English grammar for dummies, portable edition | |
| 245 | 0 | |c Geraldine Woods | |
| 260 | |a Indianapolis, IN | ||
| 260 | |b Wiley | ||
| 260 | |c 2006 | ||
| 520 | |a This book gives the latest techniques for improving efficiency with English grammar and punctuation. It teaches the rules of verbs, adjectives, and adverbs; prepositions, propositions, and pronoun pronouncements; punctuation; possessives; and proofreading skills for all communication. | ||
| 650 | |a English language,Anh ngữ thực hành | ||
| 650 | |x Grammar,Ngữ pháp | ||
| 904 | |i Dinh Thu, Bạch Trúc | ||
| 980 | |a Trung tâm Học liệu Trường Đại học Cần Thơ | ||